000
00296nam a22001097a 4500
082
_a
629.2 TOY'O
100
_a
10469
_9
76695
245
_a
TOYOTA LAND CRUISER ALL MODELS REPAIR MANUAL OF CHASSIS AND BODY
260
_a
TOKYO
_b
TOYOTA MOTOR CO
_c
1973
650
_a
ACC NO-10469
_9
76696
942
_c
BK
999
_c
582043
_d
582043